000 00791nam a2200229Ia 4500
003 GCL
008 140319s9999 xx 000 0 ara d
040 _aGCL /
_cGCL
082 0 4 _a330.624
_bم ا
100 1 _aمركز الدراسات السودانية
245 1 0 _aالسودان المازق الاقتصادى تحليل اقتصادى للفترة1990 - 1994 /
_cمركز الدراسات السودانية
260 _a[S.N] :
_bمركز الدراسات السودانية ،
_c1994
300 _a147 ص
490 _aسلسلة درايات الكراسة
_v0
650 0 4 _aالاقتصاد
650 0 4 _aالزراعة
650 0 4 _aالسودان
650 0 4 _aالقوى العاملة
650 0 4 _aالصناعة
650 0 4 _aالموارد
942 _2ddc
_cBK
999 _c30701
_d30701